LEADER 01387nam a2200325 u 4500 001 000000019508 003 CaOOAMICUS 005 20070226110809.0 008 950302s1991 it u000 u ita u 020 $a8831100866 035 $a10469684 040 $aPUL(R)$bita 245 00$aAl di lą del senso di colpa ? :$bgli interrogativi del dopo-Freud /$ca cura di Antonio Lambertino. 260 $aRoma :$bCittą Nuova,$c1991. 300 $a214 p. ;$c18 cm 490 1 $aIdee.$aUniversale Saggistica ;$v86 500 $aContributi di autori vari. 504 $aIndicazioni bibliografiche: p. [201]-203. 650 4$aColpa$xAspetti psicologici.$0(OLS)http://pul/subject/13174 650 4$aPsicanalisi.$0(OLS)http://pul/subject/1791 700 1 $aLambertino, Antonio.$0(OLS)http://pul/name/5355 830 0$aIdee.$pUniversale Saggistica ;$v86.$0(OLS)http://pul/title/17913 850 $aPUL 852 $aPUL$W1$xSL Filosofia 2$y80$mPhil A15 86$j27399$nBK-PRI$b $qStampati altre collocazioni$B27399$CPULBib$Z2$F27399 $H $81 941 1 $a10 960 $aPsicoanalisi$91791 961 $aINV: 66228 996 $6020$a8831100866$9(OLS)http://pul/number/25062 996 $6245$aAl di lą del senso di colpa ? :$bgli interrogativi del dopo-Freud$9(OLS)http://pul/title/27636 996 $6260$aRoma :$bCittą Nuova$9(OLS)http://pul/publisher/47927 LEADER 01390nam a2200313 a 4500 001 000000168214 003 CaOOAMICUS 005 20180613142749.0 008 180613s2000 it 000 u ita r 020 $a88-87920-01-X* 032 $aLibriCat 040 $aPul$bita 100 1 $aLaplanche, Jean.$0(OLS)http://pul/name/30668 240 13$aLe primat de l'autre en psychanalyse. $lItaliano.$0(OLS)http://pul/title/208459 245 13$aIl primato dell'altro in psicoanalisi : $b1967-1992 / $cJean Laplanche ; edizione italiana a cura di Alberto Luchetti . 260 $aRoma :$bLa Biblioteca,$c©2000. 300 $a574 p. ; $c21 cm. 490 1 $aLa Biblioteca. Il progetto psicoanalitico ;$v02 650 4$aPsicanalisi.$0(OLS)http://pul/subject/1791 700 1 $aLuchetti, Alberto.$0(OLS)http://pul/name/108324 830 3$aLa Biblioteca.$pIl progetto psicoanalitico ;$v02.$0(OLS)http://pul/title/208458 850 $aPUL 852 $aPUL$W1$xDP1 Fondo Dalla Palma$y117$m7 A 87$j158866$qFondi$B196096$CPULBib$Z2$F196096 $HDal2871 $81 941 1 $a1 960 $aPsicoanalisi$91791 996 $6020$a88-87920-01-X*$9(OLS)http://pul/number/164324 996 $6245$aIl primato dell'altro in psicoanalisi : $b1967-1992 / $9(OLS)http://pul/title/208457 996 $6260$aRoma :$bLa Biblioteca$9(OLS)http://pul/publisher/86777